000 01035nam0a2200265 4500
001 RU\NLR\bibl\1748848
005 20250616115752.0
010 _a978-5-7743-0480-0
_9100
021 _aRU
_b2011-13066
_9933
035 _a(NLR Aleph) 001739718
090 _a1451647
_c1451647
100 _a20110321d2011 |||y0rusy50 ca
101 0 _arus
102 _aRU
105 _ay |||||||||
200 1 _aПравовые и практические основы эксплуатации унифицированного комплекта "Плутон" для фото- и видеосъемки: учебно-методическое пособие
210 _aРязань
_cАкадемия ФСИН России
_d2011
215 _d21
700 1 _aЕпифанов
_bС. С.
_4070
701 1 _aЖуравлев
_bА. Н.
_4070
801 0 _aRU
_bNLR
_c20110321
_gRCR
801 1 _aRU
_bNLR
_c20110321
942 _cBOOK
980 _aNB